000 01070nam a2200253Ia 4500
003 GCL
008 140319s9999 xx 000 0 ara d
020 _a3095829953
040 _aGCL /
_cGCL
082 0 4 _a956.7
_bخ ع
100 1 _aخيرالدين حسيب
245 1 0 _aالعراق من الاحتلال إلى التحرير :
_bطبعة موسعة من مستقبل العراق /
_cخيرالدين حسيب
250 _aالاولى
260 _aبيروت :
_bمركز دراسات الوحدة العربية ،
_c2006
300 _a487 ص ؛
_c24 سم
490 _aسلسلة كتب المستقبل العربى
_v51
650 0 4 _aالعراق - تاريخ - العصر الحديث
650 0 4 _aالعراق - الاحوال السياسية
650 0 4 _aالاعتداء الامريكى على العراق
650 0 4 _aالعراق - تاريخ - العصر الحديث - الاحتلال الامريكي
650 0 4 _aالمقاومة العراقية
650 0 4 _aالقومية العربية - العراق
942 _2ddc
_cBK
999 _c9016
_d9016